Problems and Solutions to Accompany McQuarrie and Simon Molecular Thermodynamics (Record no. 3744)

MARC details
000 -LEADER
fixed length control field 00588nam a2200205 4500
003 - CONTROL NUMBER IDENTIFIER
control field OSt
005 - DATE AND TIME OF LATEST TRANSACTION
control field 20210419115906.0
008 - FIXED-LENGTH DATA ELEMENTS--GENERAL INFORMATION
fixed length control field 160425b xxu||||| |||| 00| 0 eng d
020 ## - INTERNATIONAL STANDARD BOOK NUMBER
International Standard Book Number 1891389076
040 ## - CATALOGING SOURCE
Transcribing agency DDC.
082 ## - DEWEY DECIMAL CLASSIFICATION NUMBER
Classification number 536.7 COX 1999
100 ## - MAIN ENTRY--PERSONAL NAME
Personal name Cox, Heather
9 (RLIN) 8255
245 ## - TITLE STATEMENT
Title Problems and Solutions to Accompany McQuarrie and Simon Molecular Thermodynamics
260 ## - PUBLICATION, DISTRIBUTION, ETC. (IMPRINT)
Place of publication, distribution, etc. Calfornia;
Name of publisher, distributor, etc. University science books,
Date of publication, distribution, etc. 1999
300 ## - PHYSICAL DESCRIPTION
Extent v, 510p;
Other physical details ill :
Dimensions 28cm
504 ## - BIBLIOGRAPHY, ETC. NOTE
Bibliography, etc Includes index
650 ## - SUBJECT ADDED ENTRY--TOPICAL TERM
Topical term or geographic name as entry element Thermodynamics
9 (RLIN) 8256
650 ## - SUBJECT ADDED ENTRY--TOPICAL TERM
Topical term or geographic name as entry element Molecular
9 (RLIN) 12668
942 ## - ADDED ENTRY ELEMENTS (KOHA)
Source of classification or shelving scheme Dewey Decimal Classification
Koha item type Short Loan
Holdings
Withdrawn status Lost status Source of classification or shelving scheme Damaged status Not for loan Home library Current library Date acquired Source of acquisition Inventory number Total Checkouts Full call number Barcode Date last seen Koha item type
    Dewey Decimal Classification     MUST Main Library MUST Main Library 25/04/2016 Purchase 04/20866   536.7 COX 1990 2016-1286 25/04/2016 Short Loan
    Dewey Decimal Classification     MUST Main Library MUST Main Library 25/04/2016 Purchase 04/20865   536.7 COX 1990 2016-1294 25/04/2016 Short Loan
    Dewey Decimal Classification     MUST Main Library MUST Main Library 11/10/2016 Purchase 06/28088   536.7 COX 1999 2016-4729 11/10/2016 Open Shelf
    Dewey Decimal Classification     MUST Main Library MUST Main Library 19/10/2016 Purchase 05/23669   536.7 COX 1999 2016-4849 19/10/2016 Open Shelf
    Dewey Decimal Classification     MUST Main Library MUST Main Library 19/10/2016 Purchase 05/23670   536.7 COX 1999 2016-4852 19/10/2016 Open Shelf
    Dewey Decimal Classification     MUST Main Library MUST Main Library 19/04/2021 Purchase 06/28087   536.7 COX 1999 2021-0431 19/04/2021 Open Shelf